000 00499nam a2200145Ia 4500
008 231129s2008||||xx |||||||||||||| ||spa||
020 _a978-958-8272-93-1
040 _bspa
082 _aA861.04 C117p
100 _aCabrales Vega Rodolfo Adrián
245 0 _aPorchia: El í­ntimo desvarí­o de la certeza
260 _c2008
264 _aUniversidad Tecnológica de Pereira. Facultad de Bellas Artes y Humanidades. Escuela de Filosofí­a
942 _2ddc
_cBKS
999 _c23081
_d23081